Methods of estimating basic demographic measures from incompleted data (Record no. 684341)

MARC details
000 -LEADER
fixed length control field 00918nam a2200265Ia 4500
003 - CONTROL NUMBER IDENTIFIER
control field OSt
005 - DATE AND TIME OF LATEST TRANSACTION
control field 20220927103622.0
008 - FIXED-LENGTH DATA ELEMENTS--GENERAL INFORMATION
fixed length control field 220926b |||||||| |||| 00| 0 eng d
037 ## - SOURCE OF ACQUISITION
Terms of availability Reference Collections
040 ## - CATALOGING SOURCE
Original cataloging agency RTL
Transcribing agency RTL
Language of cataloging eng
041 ## - LANGUAGE CODE
Source of code eng
Language code of text/sound track or separate title eng
110 ## - MAIN ENTRY--CORPORATE NAME
Corporate name or jurisdiction name as entry element "United Nations, Economic and Social Affairs (Deptt of-)"
245 #0 - TITLE STATEMENT
Title Methods of estimating basic demographic measures from incompleted data
260 ## - PUBLICATION, DISTRIBUTION, ETC.
Place of publication, distribution, etc. New
Name of publisher, distributor, etc. York UN
Date of publication, distribution, etc. 1967
300 ## - PHYSICAL DESCRIPTION
Extent "vi,126p"
Dimensions cm.
490 ## - SERIES STATEMENT
Series statement "United Nations, Population Studies. 42. United Nations Manuals on Methods of Estimating Population.4"
650 ## - SUBJECT ADDED ENTRY--TOPICAL TERM
Topical term or geographic name entry element Family Planning
9 (RLIN) 360581
700 ## - ADDED ENTRY--PERSONAL NAME
Personal name "United Nations, Economic and Social Affairs (Deptt of-)"
942 ## - ADDED ENTRY ELEMENTS (KOHA)
Classification part "Y:5:(B280, K7/UN"
Koha item type

No items available.

Copyright @ Delhi University Library System